Economic Outlook for Southeast Asia, China and India 2018 Fostering Growth Through Digitalisation

Saved in:
Bibliographic Details
Format: Book
Language:English
Published: Paris OECD 2018
Subjects:
Tags: Add Tag
No Tags, Be the first to tag this record!

MARC

LEADER 00000nam a2200000 4500
001 0242928
005 20221220065519.0
020 |a 978-92-64-28617-7 
022 |a 2310-1105 
041 0 |a eng 
044 |a FR 
245 1 0 |a Economic Outlook for Southeast Asia, China and India 2018  |b Fostering Growth Through Digitalisation 
264 1 |a Paris  |b OECD  |c 2018 
300 |a 238 s. 
610 2 0 |a situácia hospodárska 
610 2 0 |a rast hospodársky 
610 2 0 |a rozvoj hospodársky 
610 2 0 |a integrácia regionálna 
610 2 0 |a obchod 
610 2 0 |a digitalizácia 
610 2 0 |a produkt domáci hrubý 
610 2 0 |a ASEAN 
610 2 0 |a porovnanie štatistické medzinárodné 
610 2 0 |a juhovýchodná Ázia 
610 2 0 |a Čína 
610 2 0 |a India